Все флаги мира - Statistics

General Stats
  • This quiz has been taken 232 times
  • The average score is 97 of 252
Answer Stats
Picture Answer % Correct
Греция
99%
Япония
77%
Бразилия
76%
Финляндия
68%
Венесуэла
67%
Чехия
67%
Дания
67%
Украина
67%
Испания
66%
Мадагаскар
64%
Лихтенштейн
64%
Россия
64%
Республика Корея
64%
Норвегия
62%
Франция
62%
Португалия
62%
Великобритания
62%
Индия
61%
США
61%
Узбекистан
60%
Албания
60%
Сербия
60%
Армения
60%
ОАЭ
59%
Шотландия
59%
Литва
59%
ЮАР
59%
Вьетнам
59%
Германия
59%
Уганда
58%
Туркменистан
58%
Кипр
58%
Швеция
58%
Эстония
58%
Нигер
57%
Пакистан
57%
Северная Македония
57%
Уругвай
56%
Бангладеш
56%
Марокко
56%
Катар
56%
Босния и Герцеговина
56%
Ватикан
56%
Турция
56%
Австрия
55%
Швейцария
55%
Таджикистан
54%
Лаос
54%
Бутан
54%
Исландия
54%
Австралия
54%
Иран
54%
Хорватия
54%
Кыргызстан
54%
Словения
54%
Болгария
54%
Республика Косово
52%
Люксембург
52%
Колумбия
52%
Латвия
52%
Тунис
51%
Сингапур
51%
Ямайка
51%
Бурунди
50%
Камерун
50%
Бахрейн
50%
Уэльс
50%
Новая Зеландия
50%
Черногория
50%
Саудовская Аравия
50%
Бельгия
50%
Гуам
49%
Ливан
49%
Камбоджа
49%
Тайвань
49%
Ирак
49%
Куба
48%
Ангола
48%
Монако
48%
Словакия
48%
КНДР
48%
Китай
48%
Сан-Марино
47%
Канада
47%
Беларусь
47%
Ливия
46%
Барбадос
46%
Парагвай
46%
Эфиопия
46%
Чили
46%
Нидерланды
46%
Италия
46%
Аргентина
46%
Казахстан
46%
Нигерия
45%
Либерия
44%
Ирландия
44%
Остров Мэн
43%
Доминиканская Республика
43%
Андорра
43%
Мексика
43%
Израиль
43%
Гонконг
42%
Йемен
42%
Панама
42%
Чад
42%
Азербайджан
42%
Польша
42%
Египет
42%
Буркина-Фасо
41%
Замбия
41%
Демократическая Республика Конго
41%
Никарагуа
41%
Палау
41%
Шри-Ланка
41%
Абхазия
40%
Антарктида
40%
Иордания
40%
Кирибати
40%
Папуа-Новая Гвинея
40%
Алжир
40%
Молдова
40%
Грузия
40%
Майотта
39%
Тринидад и Тобаго
39%
Кувейт
39%
Перу
39%
Государство Палестина
39%
Индонезия
39%
Кения
39%
Монголия
39%
Гаити
38%
Коста-Рика
38%
Мавритания
38%
Зимбабве
38%
Бруней
38%
Сейшелы
38%
Малайзия
38%
Филиппины
38%
Мальта
38%
Румыния
38%
Непал
38%
Ботсвана
37%
Таиланд
37%
Турецкая Республика Северного Кипра
36%
Гибралтар
36%
Малави
36%
Гондурас
36%
Сирия
36%
Мозамбик
35%
Тувалу
34%
Англия
34%
Венгрия
34%
Экваториальная Гвинея
33%
Габон
33%
Гана
33%
Афганистан
33%
Эритрея
32%
Коморские острова
32%
Южный Судан
32%
Танзания
32%
Гватемала
32%
Приднестровье
32%
Оман
32%
Сомали
32%
Эквадор
32%
Сомалиленд
31%
Багамские острова
31%
Республика Южная Осетия
31%
Фарерские острова
30%
Руанда
30%
Гамбия
30%
Гренада
30%
Судан
30%
Сальвадор
30%
Мальдивы
30%
Макао
29%
Маршалловы острова
29%
Вануату
29%
Белиз
29%
Мьянма
29%
Того
28%
Кабо-Верде
28%
Джибути
28%
Эсватини
28%
Федеративные Штаты Микронезии
28%
Гренландия
28%
Сенегал
27%
Мали
26%
Бенин
26%
Сан-Томе и Принсипи
26%
Маврикий
26%
Доминика
26%
Лесото
26%
Фиджи
26%
Тонга
26%
Кот-д'Ивуар
26%
ЦАР
26%
Сент-Китс и Невис
25%
Сент-Винсент и Гренадины
25%
Сент-Люсия
25%
Науру
25%
Новая Каледония
23%
Американское Самоа
23%
Гвинея-Бисау
23%
Республика Конго
23%
Намибия
23%
Восточный Тимор
23%
Самоа
23%
Антигуа и Барбуда
22%
Остров Рождества
21%
Сахарская Арабская Демократическая Республика
21%
Гайана
21%
Гернси
19%
Французская Полинезия
19%
Ниуэ
19%
Гвинея
19%
Сьерра-Леоне
19%
Боливия
19%
Гваделупа
18%
Джерси
18%
Токелау
18%
Аландские острова
18%
Остров Норфолк
17%
Острова Кука
17%
Кюрасао
16%
Соломоновы острова
16%
Аруба
15%
Ангилья
15%
Пуэрто-Рико
15%
Северные Марианские Острова
14%
Северная Ирландия
14%
Сен-Пьер и Микелон
13%
Кокосовые острова
13%
Синт-Мартен
12%
Мартиника
12%
Французская Гвиана
11%
Реюньон
10%
Острова Кайман
10%
Бермудские острова
10%
Южная Георгия и Южные Сандвичевы Острова
9%
Бонайре
9%
Остров Питкэрн
9%
Британские Виргинские острова
9%
Остров Святой Елены
9%
Монтсеррат
8%
Британская Территория в Индийском Океане
7%
Французские Южные и Антарктические Территории
6%
Сен-Бартелеми
4%
Фолклендские острова
4%
Уоллис и Футуна
4%
Теркс и Кайкос
3%
No matching quizzes found
Score Distribution
Percent of People with Each Score
Percentile by Number Answered
Your Score History
You have not taken this quiz